Districts of Mardin (Mardin'in ilçeleri). - Statistics

General Stats
  • This quiz has been taken 62 times
  • The average score is 7 of 10
Answer Stats
Population (Nüfus) District (İlçe) % Correct
120.069 Midyat
94%
115.586 Nusaybin
91%
189.769 Artuklu
76%
13.740 Ömerli
76%
267.151 Kızıltepe
74%
13.621 Yeşilli
71%
24.821 Savur
68%
36.442 Mazıdağı
65%
27.147 Dargeçit
62%
62.028 Derik
62%
No matching quizzes found
Score Distribution
Percent of People with Each Score
Percentile by Number Answered
Your Score History
You have not taken this quiz